Los Padrenuestros en Mapuche Publicados por Bodoni.

Shranjeno v:
Bibliografske podrobnosti
Glavni avtor: Bodoni, Giambattista (autor)
Drugi avtorji: Ávila Martel, Alamiro de (estudio preliminar), Cruz Claro, Carlos Alberto (presentación)
Format: Knjiga
Jezik:angleščina
Izdano: Santiago, Chile: Sociedad de Bibliófilos Chilenos, 1985.
Teme:
Oznake: Označite
Brez oznak, prvi označite!

MARC

LEADER 00000nam a22000007a 4500
003 CL-VaPUC
005 20220822114438.0
008 220321t1985 ||||| |||| 00| 0 eng d
999 |c 435015  |d 435013 
040 |c Pontificia Universidad Católica de Valparaíso 
082 0 4 |2 22  |a 242.722 BOD 1985 
100 1 |a Bodoni, Giambattista  |e autor  |9 872152 
245 1 4 |a Los Padrenuestros en Mapuche Publicados por Bodoni. 
260 |a Santiago, Chile:   |b Sociedad de Bibliófilos Chilenos,   |c 1985.  
300 |a 37 páginas.  
500 |a c.1 Donación Familia Prof. Alejandro Guzmán Brito. 
505 |a Estudio preliminar - I. Giambattista Bodoni. - II. Los bibliófilos de la época. - III. La oratoria dominica. - IV. Los padrenuestros en mapuche. 
583 |c 20220321  |k Yessy Stephany Diaz Vidal 
650 1 |a Padrenuestro mapuche  |x Oraciones  |9 872150 
700 |a Ávila Martel, Alamiro de  |9 317656  |e estudio preliminar  
700 |a Cruz Claro, Carlos Alberto  |e presentación  |9 872151 
942 |2 ddc  |c BK  |n 0 
952 |0 0  |1 0  |2 ddc  |4 0  |6 242_722000000000000_BOD_1985  |7 0  |8 C_AGB  |9 582002  |a BIBDER  |b BIBDER  |d 2022-03-21  |e Donación   |i 5650284  |o 242.722 BOD 1985  |p 5650284  |r 2023-01-25  |t 1  |w 2022-03-21  |y BK_US  |k AGB